Welcome to Marium Abdulla Library

Embrace knowledge with a breath of fresh air.

Browse Collection

Marium Abdulla Library

Is the usage of stock photos and free vectors for an artwork a question of authenticity and its credits to the designer? (Record no. 11904)

MARC details
000 -LEADER
fixed length control field 00620nam a2200205Ia 4500
001 - CONTROL NUMBER
control field 16078
003 - CONTROL NUMBER IDENTIFIER
control field IVS
005 - DATE AND TIME OF LATEST TRANSACTION
control field 20250626030616.0
008 - FIXED-LENGTH DATA ELEMENTS--GENERAL INFORMATION
fixed length control field 211022s9999 xx 000 0 und d
040 ## - CATALOGING SOURCE
Transcribing agency IVS
082 ## - DEWEY DECIMAL CLASSIFICATION NUMBER
Classification number 741.6 PAL
100 ## - MAIN ENTRY--PERSONAL NAME
Personal name Palvesha Tariq Hilaly
245 #0 - TITLE STATEMENT
Title Is the usage of stock photos and free vectors for an artwork a question of authenticity and its credits to the designer?
260 ## - PUBLICATION, DISTRIBUTION, ETC.
Place of publication, distribution, etc. Karachi
260 ## - PUBLICATION, DISTRIBUTION, ETC.
Name of publisher, distributor, etc. Indus Valley School
260 ## - PUBLICATION, DISTRIBUTION, ETC.
Date of publication, distribution, etc. 2014
300 ## - PHYSICAL DESCRIPTION
Extent 51
856 ## - ELECTRONIC LOCATION AND ACCESS
Uniform Resource Identifier <a href="https://drive.google.com/file/d/1pNATvcHWoQwSWv6Y1JtWfQaV3C6W8cK_/view?usp=sharing">https://drive.google.com/file/d/1pNATvcHWoQwSWv6Y1JtWfQaV3C6W8cK_/view?usp=sharing</a>
942 ## - ADDED ENTRY ELEMENTS (KOHA)
Koha item type Dissertation
Suppress in OPAC No
Source of classification or shelving scheme Dewey Decimal Classification
Holdings
Date last seen Total checkouts Full call number Barcode Price effective from Koha item type Lost status Damaged status Not for loan Collection Withdrawn status Home library Current library Shelving location Date acquired Source of acquisition Cost, normal purchase price
10/26/2021   741.6 PAL 16078 10/26/2021 Dissertation       Communication Design   Marium Abdulla Library Marium Abdulla Library Dissertation 02/23/2015 Indus Valley School 800.00